Valtiot joissa Tomb Raider - Lara Croft on käynyt - Statistics

Yleistilastot
  • Tätä visaa on pelattu 20 kertaa
    9 viimeisimmän päivityksen jälkeen
  • Keskiarvotulos 12 / 22
Vastaustilastot
Peli Valtio % Oikein
Amerikka Yhdysvallat
100%
Aasia Japani
80%
Amerikka Meksiko
80%
Eurooppa Venäjä
80%
Afrikka Egypti
60%
Aasia Intia
60%
Eurooppa Italia
60%
Eurooppa Kreikka
60%
Eurooppa Norja
60%
Amerikka Peru
60%
Eurooppa Ranska
60%
Eurooppa Yhdistynyt Kuningaskunta
60%
Amerikka Bolivia
40%
Afrikka Ghana
40%
Eurooppa Irlanti
40%
Aasia Syyria
40%
Aasia Thaimaa
40%
Eurooppa Tšekki
40%
Aasia Turkki
40%
Aasia Kambodža
20%
Aasia Kazakstan
20%
Aasia Nepal
20%
Ehtoja vastaavia visoja ei löytynyt
Tulosjakauma
Jokaisen tuloksen saaneiden osuus
Persentiili vastausten määrän mukaan
Tuloshistoriasi
Et ole pelannut tätä visaa sen viimeisimmän päivityksen jälkeen